The imaginary networks of political power

Detalles Bibliográficos
Autor principal: Bartra, Roger
Formato: Libro
Lenguaje:español
Publicado: Mx̌ico Fondo de Cultura Econm̤ica, 2012
Materias:
Acceso en línea:Acceso restringido

MARC

LEADER 00000nam a22000007a 4500
005 20151203104753.0
007 cr|||| ||u|
008 151203s2012 mx ||||| |||| 00||0 spa d
020 |a 978-607-16-1094-2 
035 |a 12951 
040 |a vLex 
090 |c 5718  |d 5718 
100 1 |a Bartra, Roger  
245 1 4 |a The imaginary networks of political power  |h [Recurso electrn̤ico] /  |c Bartra, Roger 
256 |a Servicio en ln̕ea 
260 |a Mx̌ico  |b Fondo de Cultura Econm̤ica,  |c 2012 
300 |a 1 recurso electrn̤ico (A new revised and expanded edition. 318 Pg̀inas) 
506 1 |a Contenido solo disponible en los productos indicados  |d vLex Global  |d vLex Global (Academic Edition, excluding Law Schools)  |d vLex Global (U.S. Academic Edition, Law Schools)  |d vLex Global (U.S. Academic Edition, excluding Law Schools)  |d vLex Global (Academic Edition, Law Schools) 
650 0 4 |a Economia   |z Mx̌ico 
740 0 |a vLex libros (servicio en ln̕ea) 
856 0 4 |u http://vlex.com/source/imaginary-networks-political-power-12951  |z Acceso restringido 
942 |c BOOK 
999 0 |a Economics